000 00315nam a22001337a 4500
020 _a978-93-5094-420-2
082 _a001
_bPPW/G
100 _aPANDEY, MANOHAR
245 _aGENERAL KNOWLEDGE 2014
260 _aDELHI
_bARIHANT PUBLICATIONS
_c2014
300 _a317
650 _aGENERAL KNOWLEDGE
_zINDIA
942 _cBK
999 _c6619
_d6619